Poemas da natureza (Registo nº 3737)

Detalhes MARC
000 -Etiqueta do registo
Cabeçalho 00824nam a2200265 4500
005 - Identificador da versão
Campo de controlo 20240813122041.0
010 ## - Número internacional normalizado dos livros (ISBN)
Número (ISBN) 9895572204
021 ## - Número do Depósito Legal
Código do país PT
Número 223363/05
100 ## - Dados gerais de processamento
Dados gerais de processamento 20070207d2005 m y0pory5003 ba
102 ## - Pais de publicação ou produção
País de publicação Portugal
101 0# - Língua de publicação
Língua do texto, banda sonora, etc. Português
215 ## - Descrição física 
Indicação específica da natureza do documento e extensão da espécie 64, [5] p.
Outras indicações físicas il.
Dimensões 24 cm
200 1# - Titulo e menção de responsabilidade
Título próprio Poemas da natureza
Informação de outro título breve antologia organizada, seleccionada e declamada por José Fanha
Primeira menção de responsabilidade coord. Maria da Luz Santos
Outras menções de responsabilidade il. Pedro Pires
205 ## - Menção da edição
Menção da edição 1ª ed
210 ## - Publicação, Distribuição, etc. 
Lugar da edição, distribuição, etc. Canelas
Nome do editor, distribuidor, etc. Gailivro
Data da publicação, distribuição, etc. 2005
606 ## - Nome comum usado como assunto
Número de registo de entrada de autoridade 0001358
Palavra de ordem Literatura portuguesa
Subdivisão de assunto Poesia
Código do sistema CA
675 ## - Classificação Decimal Universal (CDU)
Notação 821.134.3-1
Edição 3ª ed.
Língua da edição por
702 #1 - Nome de autor-pessoa física (responsabilidade secundária)
Número de registo de entrada de autoridade 0000125
Palavra de ordem Santos
Outra parte do nome não tomada para palavra de ordem Maria da Luz
Código de função Editor literário / Coordenador
Número de registo de entrada de autoridade 0000024
Palavra de ordem Pires
Outra parte do nome não tomada para palavra de ordem Pedro
Código de função Ilustrador / Técnico de desenho computorizado
Número de registo de entrada de autoridade 0000111
Palavra de ordem Fanha
Outra parte do nome não tomada para palavra de ordem José
Datas 1951-
Código de função Editor literário / Coordenador
942 ## - Elementos de entrada adicionados (Koha)
Tipo de item no Koha Livro
Exemplares
Situação do levantamento Origin of item (home branch) (coded) Biblioteca de empréstimo Código de barras Cota Circulation type (not for loan) Tipo de documento Nota do exemplar Damaged status
  Biblioteca Escolar das Vendas Biblioteca Escolar das Vendas BEV1957 8POR FAN   Livro Sem mensagem